00400nam a2200157Ia 4500008004100000041000800041082001700049100003400066245004600100250000800146260002300154300000900177542001500186551002700201650001400228220531s9999 xx 000 0 und d aeng a-bGUG / BOB aGugale, G. S. / Bobade, V. D. aOrganic And Inorganic Chemisry (paper-ii) a1ST aPunebNiralic2014 a6.24 d03-07-2014 aSciencebNon-grant-SCI aChemistry